000
00271nam a22001217a 4500
008
181106b xxu||||| |||| 00| 0 eng d
041
_a
eng
080
_a
821
100
_a
23
101
_a
GJU
245
_a
Websters College Dictionary
_c
Costello.R.C
942
_2
udc
_c
BK
999
_c
52054
_d
52054